| 000 | 00431nam a2200157Ia 4500 | ||
|---|---|---|---|
| 008 | 230312s9999||||xx |||||||||||||| ||und|| | ||
| 020 | _a0-671-71117-2 | ||
| 082 |
_a158.4 _bCOV-S |
||
| 100 | _aCovery,Stephen.R | ||
| 245 | 0 | _aSeven Habits Of Highly Effective People | |
| 260 |
_bSimon & Schuster _aToronto _c1992 |
||
| 300 | _a358 | ||
| 546 | _aEng. | ||
| 650 |
_aManagement _vParadigms and Principles,Private Victory |
||
| 942 | _cBK | ||
| 999 |
_c2689 _d2689 |
||